| 000 | 01347nam a22002177a 4500 | ||
|---|---|---|---|
| 999 |
_c62726 _d62726 |
||
| 003 | Ge_BSU | ||
| 005 | 20250131145409.0 | ||
| 008 | 250131s2016 ge ||||| |||| 00| 0 geo d | ||
| 020 | _a9789941462405 | ||
| 041 | _ageo | ||
| 080 | _a636.7 გ-59 | ||
| 100 |
_aგოგმაჩაძე, თემურ _9118 |
||
| 245 |
_aჩვენი საიმედო მეგობრები : _b[ძაღლი] / _cთემურ გოგმაჩაძე; რედაქტორი ქეთევან დოლიძე; ბათუმის შოთა რუსთაველის სახელმწ. უნ-ტი. |
||
| 264 |
_aბათუმი : _bბათუმის შოთა რუსთაველის სახელმწ. უნ-ტი, _c 2016. |
||
| 300 |
_a62 გვ. : _bფოტ. ; _c14 სმ. |
||
| 500 | _aეძღვნება მეცნიერისა და საზოგადო მოღვაწის ანზორ დიასამიძის ხსოვნას. | ||
| 653 | _aჯიშიანი ძაღლები | ||
| 700 |
_aდოლიძე, ქეთევან _eრედაქტორი _9333 |
||
| 710 |
_aბათუმის შოთა რუსთაველის სახელმწ. უნ-ტი. _924209 |
||
| 942 |
_2udc _cᲬᲘᲒᲜᲘ |
||